000 00282nam a22001217a 4500
008 171220b xxu||||| |||| 00| 0 eng d
041 _aeng
080 _a61
100 _a4
101 _aSHM
245 _a MEDICAL TO THE MEMORY OF MOSI PRACTICAL
_cHENRY.L
942 _2udc
_cBK
999 _c39234
_d39234